Sehenswürdigkeiten A-Z - Statistiken

Allgemein
  • Dieses Quiz wurde 200 mal gespielt
  • Das Durchschnittsergebnis liegt bei 11 aus 26
Antwortstatistiken
Ort Art Beschreibung Antwort % Korrekt
B Berlin Bauwerk Triumphtor für den Preußischen König Friedrich Wilhelm II. Brandenburger Tor
95%
K Köln Kirche Baubeginn 1248, bis heute nicht komplett fertig gestellt, von 1880 bis 1884 das höchste Gebäude der Welt Kölner Dom
86%
G San Francisco Brücke 1933 bis 1937 erbaut, markante rote Farbe Golden Gate Bridge
84%
A Brüssel Bauwerk Errichtet für die EXPO 58 Atomium
80%
L London Riesenrad Höchstges Riesenrad Europas London Eye
73%
H Istanbul Sakralbau Mal Kirche, mal Moschee, mal Museum, seit 2020 wieder als Moschee genutzt Hagia Sophia
70%
P Vatikan Sakralbau Größte Päpstliche Basilika der Welt Petersdom
66%
R Schaffhausen Wasserfall Wasserfall des längsten Flusses Deutschlands Rheinfall
63%
S Barcelona Sakralbau Unvollendet, Baubeginn 1882, voraussichtliche Fertigstellung 2026 (100. Todestag des Architekten) Sagrada Familia
57%
W Eisenach Burganlage Versteck Martin Luthers Wartburg
56%
T Kopenhagen Vergnügungspark 1843 eröffnet, teilt sich den Namen unter anderem mit dem Fußballstadion in Aachen Tivoli
51%
V München Markt Ständiger Markt für Lebensmittel in der Altstadt von München Viktualienmarkt
47%
O München Fernsehturm Steht unweit des Olympiastadions im Olympiapark Olympiaturm
42%
F Jerusalem Sakralbau Bekannt für die goldene Kuppel Felsendom
40%
D Koblenz Landmarke Künstlich aufgeschüttete Landzunge an der Mündung der Mosel in den Rhein Deutsches Eck
39%
U Florenz Museum Ursprünglich als Bürokomplex für die Regierung in Florenz gedacht Uffizien
34%
E Rom Bauwerk Ursprünglich als Mausoleum gedacht, später zur Kastellburg umgebaut, seit 1906 Museum Engelsburg
31%
C Mexiko Ruinenstätte Antike Ruinenstätte der Maya Chichén Itzá
28%
I Paris Sakralbau / Grabstätte Diente ursprünglich als Kirche, seit dem 19. Jahrhundert Grabstätte für Napoleon Invalidendom
25%
X Xanten Sakralgebäude Erhielt den Namen, obwohl sie nie Bischofskirche war, wegen der Größe Xantener Dom
23%
Q Paris Stadtviertel Traditionelles Studentenviertel Quartier Latin
14%
J Jena Gebäude Höchstes Gebäude der neuen Bundesländer Jentower
9%
Z Jülich Festungsanlage Lange Zeit als Festung genutzt, beherbergt die Anlage heute ein Gymnasium Zitadelle Jülich
7%
M Esbjerg Skulpturengruppe 4 Menschen, die auf einem Deich sitzen und aufs Meer schauen, 9 Meter hoch, aus weißem Beton Mennesket ved Havet
5%
Y York Sakralgebäude Größte mittelalterliche Kirche Englands York Minster
5%
N Leverkusen Umweltbildungszentrum Wurde mehrfach für die Arbeit rund um den klimaschutz ausgezeichnet, 2013 Weiterentwicklung zum ersten KlimaErlebnisPark in Deutschland NaturGut Ophoven
4%
Keine übereinstimmenden Quizze gefunden
Verteilung der Resultate
Anzahl Personen mit jedem Resultat
Perzentil nach korrekt beantworteten Fragen
Ihre Resultats-Entwicklung
Sie haben dieses Quiz noch nicht gespielt